|
|
|
|
| LEADER |
00000cam a2200000 7i4500 |
| 001 |
0000004556 |
| 005 |
20151222.0 |
| 008 |
070730 |
| 020 |
|
|
|a 1842364073
|
| 090 |
0 |
0 |
|a ENC
|b ENG (4262)
|
| 245 |
0 |
0 |
|a First A to Z encyclopedia :
|b Africa,Byzantine
|
| 260 |
|
|
|a Miles Kelly Publishing
|
| 300 |
|
|
|a Volume 1
|
| 500 |
|
|
|a Children ages 7-9 years old (orange)
|
| 650 |
|
0 |
|a Encyclopedia
|
| 650 |
|
0 |
|a Junior fiction
|x English
|x Languages
|
| 999 |
|
|
|a 0000970760
|b Book
|c REFERENCE
|e Cawangan Segamat
|
| 999 |
|
|
|a 0000970788
|b Book
|c REFERENCE
|e Cawangan Urban Transformation Centre
|
| 999 |
|
|
|a 0001069963
|b Book
|c Children Collection
|e Cawangan Tangkak
|
| 999 |
|
|
|a 0001077182
|b Book
|c REFERENCE
|e Cawangan Bandar Tenggara
|
| 999 |
|
|
|a 0001077191
|b Book
|c Children Collection
|e Cawangan Pontian
|
| 999 |
|
|
|a 0001132866
|b Book
|c Children Collection
|e Cawangan Batu Pahat
|
| 999 |
|
|
|a 0001132867
|b Book
|c Children Collection
|e Cawangan Bukit Gambir
|
| 999 |
|
|
|a 0001132871
|b Book
|c REFERENCE
|e Cawangan Segamat
|
| 999 |
|
|
|a 0001132872
|b Book
|c REFERENCE
|e Cawangan Bandar Tenggara
|
| 999 |
|
|
|a 0001132878
|b Book
|c Children Collection
|e Cawangan Pontian
|